000 00541nam a2200217Ia 4500
003 OSt
005 20221005130109.0
006 a|||||r|||| 00| 0
007 ta
008 221004b |||||||| |||| 00| 0 eng d
024 _a56843
037 _cTextual
040 _aCRL
_cCRL
_beng
041 _2eng
_aeng
082 _aU:222Q1k, K4-;3
245 0 _aQuilon (District Gazetteer) ed by A Sreedhara Menon
260 _c1964
650 _aGEOGRAPHY
942 _hU:222Q1k, K4-;3
_cTEXL
_2cc
999 _c1056087
_d1056087